All countries by GDP per capita with a map - Statistics

General Stats
  • This quiz has been taken 815 times
  • The average score is 105 of 196
Answers on the Map
Answers color-coded by a green-red scale on the quiz's map according to % correct below.
 
Answer Stats
GDP per capita First letter Country % Correct
256,581 M Monaco
100%
186,400 L Liechtenstein
98%
128,678 L Luxembourg
98%
103,888 I Ireland
96%
87,925 N Norway
93%
80,195 Q Qatar
93%
99,565 S Switzerland
93%
82,769 U United States
93%
68,454 D Denmark
92%
79,637 I Iceland
92%
64,572 N Netherlands
92%
84,734 S Singapore
92%
64,821 A Australia
91%
56,034 A Austria
91%
54,701 B Belgium
90%
52,926 F Finland
90%
54,343 G Germany
90%
55,571 S Sweden
90%
49,464 U United Kingdom
90%
53,431 C Canada
89%
49,041 U United Arab Emirates
89%
44,691 F France
88%
52,642 I Israel
87%
39,003 I Italy
87%
46,812 A Andorra
86%
48,281 N New Zealand
85%
33,767 J Japan
84%
54,265 S San Marino
84%
33,730 K Kuwait
82%
40,396 M Malta
82%
33,509 S Spain
82%
32,610 S Slovenia
81%
33,121 S South Korea
81%
31,591 C Czech Republic
80%
27,331 P Portugal
80%
34,426 T Taiwan
80%
30,133 E Estonia
79%
23,401 G Greece
79%
22,142 H Hungary
79%
27,786 L Lithuania
79%
24,491 S Slovakia
79%
32,963 B Brunei
78%
21,550 O Oman
78%
22,503 L Latvia
77%
22,057 P Poland
77%
22,798 U Uruguay
77%
18,404 R Romania
76%
35,897 B Bahamas
75%
21,866 C Croatia
75%
36,551 C Cyprus
75%
27,461 V Vatican City
75%
32,094 S Saudi Arabia
74%
13,817 R Russia
72%
17,068 C Chile
71%
18,686 P Panama
70%
14,188 A Argentina
69%
20,765 G Guyana
69%
13,106 T Turkey
69%
29,219 B Bahrain
68%
21,787 A Antigua and Barbuda
67%
23,804 B Barbados
66%
15,886 B Bulgaria
66%
13,790 M Mexico
65%
16,942 C Costa Rica
64%
12,919 K Kazakhstan
64%
22,574 S Saint Kitts and Nevis
64%
20,016 T Trinidad and Tobago
64%
12,614 C China
62%
10,718 D Dominican Republic
60%
10,295 B Brazil
59%
6,840 J Jamaica
59%
12,282 S Serbia
59%
15,899 P Palau
58%
8,639 B Bosnia and Herzegovina
57%
8,575 A Albania
56%
10,718 D Dominica
56%
12,222 M Montenegro
56%
11,379 M Malaysia
55%
17,879 S Seychelles
55%
8,053 A Armenia
54%
7,829 B Belarus
54%
8,284 G Georgia
53%
8,624 N North Macedonia
52%
477 Y Yemen
52%
13,555 S Saint Lucia
51%
7,907 P Peru
50%
6,947 C Colombia
49%
5,889 F Fiji
49%
11,246 G Grenada
49%
7,182 T Thailand
49%
8,233 T Turkmenistan
49%
4,068 V Venezuela
49%
4,282 V Vietnam
49%
289 B Burundi
48%
12,530 M Maldives
48%
11,613 M Mauritius
48%
12,983 N Nauru
48%
416 A Afghanistan
47%
7,126 A Azerbaijan
47%
9,605 C Cuba
47%
5,960 K Kosovo
47%
10,520 S Saint Vincent and the Grenadines
47%
6,610 E Ecuador
46%
4,466 I Iran
46%
5,565 I Iraq
46%
1,331 Z Zambia
46%
2,156 Z Zimbabwe
46%
4,456 J Jordan
45%
6,173 L Libya
45%
6,729 M Moldova
45%
5,070 U Ukraine
45%
7,803 G Gabon
44%
3,247 H Honduras
44%
2,481 I India
44%
4,876 I Indonesia
44%
403 S South Sudan
44%
3,515 V Vanuatu
44%
628 D DR Congo
43%
7,820 B Botswana
42%
1,706 H Haiti
42%
643 N Niger
42%
496 C Central African Republic
41%
6,276 P Paraguay
41%
1,010 R Rwanda
41%
5,364 A Algeria
40%
7,460 B Belize
40%
640 N North Korea
40%
1,002 U Uganda
40%
681 C Chad
39%
1,952 K Kenya
39%
689 E Eritrea
38%
506 M Madagascar
38%
602 M Malawi
38%
623 M Mozambique
38%
598 S Somalia
38%
6,678 E Equatorial Guinea
37%
1,970 K Kyrgyzstan
37%
869 M Mali
37%
5,839 M Mongolia
37%
6,023 S South Africa
37%
3,978 T Tunisia
37%
3,458 E Egypt
36%
1,272 E Ethiopia
36%
5,763 G Guatemala
36%
1,365 P Pakistan
36%
680 S Sudan
36%
2,531 I Ivory Coast
35%
2,067 L Laos
35%
2,850 U Uzbekistan
35%
3,555 D Djibouti
34%
5,391 E El Salvador
34%
951 G Guinea-Bissau
34%
2,107 K Kiribati
34%
772 L Liberia
34%
3,771 M Morocco
34%
1,255 T Tanzania
34%
2,308 A Angola
33%
3,686 B Bolivia
33%
883 B Burkina Faso
33%
1,597 N Nigeria
33%
3,805 P Philippines
33%
5,494 S Suriname
33%
6,345 T Tuvalu
33%
2,551 B Bangladesh
32%
888 G Gambia
32%
4,168 N Namibia
32%
2,958 P Papua New Guinea
32%
986 T Togo
32%
2,430 C Cambodia
31%
1,541 G Guinea
31%
916 L Lesotho
31%
2,121 M Mauritania
31%
1,161 T Tajikistan
31%
2,613 N Nicaragua
30%
1,378 N Nepal
29%
758 S Sierra Leone
29%
1,394 B Benin
28%
2,260 G Ghana
28%
1,233 M Myanmar
28%
1,052 S Syria
28%
3,711 B Bhutan
27%
3,828 S Sri Lanka
27%
1,503 E East Timor
26%
3,654 L Lebanon
26%
4,933 T Tonga
26%
1,737 C Cameroon
25%
6,678 M Marshall Islands
25%
3,611 E Eswatini
24%
1,706 S Senegal
24%
4,851 C Cape Verde
23%
1,590 C Comoros
22%
4,330 S Samoa
20%
2,941 S São Tomé and Principe
19%
2,042 S Solomon Islands
18%
2,478 C Republic of the Congo
15%
4,084 M Micronesia
14%
No matching quizzes found
Score Distribution
Percent of People with Each Score
Percentile by Number Answered
Your Score History
You have not taken this quiz